| 000 | 00362nam a22001337a 4500 | ||
|---|---|---|---|
| 082 |
_ap-349 _cD |
||
| 100 |
_aTariq Azam _947589 |
||
| 245 | _aAxle Load survey to established latest truck factors on various road sections | ||
| 260 |
_aNust MCE _bMCE _c26/5/2007 |
||
| 300 |
_aD _c40cm. |
||
| 526 |
_a0 _b0 _c0 _dP_349 |
||
| 650 |
_aProject _947590 |
||
| 942 |
_2ddc _cBK |
||
| 999 |
_c550785 _d550785 |
||